[Event "First Saturday 2008 december FM-A"]
[Site "Budapest"]
[Date "2008.12.06"]
[Round "1.1"]
[White "Mayer, Istvan"]
[Black "Darazs, Zoltan"]
[Result "1/2-1/2"]
[WhiteElo "2136"]
[BlackElo "2234"]
[PlyCount "38"]
[EventDate "2008.12.06"]

1. e4 e5 2. Nf3 Nc6 3. Bb5 a6 4. Ba4 Bc5 5. c3 Nf6 6. d3 O-O 7. O-O d6 8. h3
Bd7 9. Be3 Bxe3 10. fxe3 Na5 11. Bc2 c5 12. Nbd2 Re8 13. Qe1 Qb6 14. Kh2 Rad8
15. Nh4 d5 16. Nf5 dxe4 17. Nxe4 Nxe4 18. dxe4 Nc4 19. Qg3 Qg6 1/2-1/2

[Event "First Saturday 2008 december FM-A"]
[Site "Budapest"]
[Date "2008.12.06"]
[Round "1.1"]
[White "Mendege, Andras"]
[Black "Torok, Tamas Titusz"]
[Result "0-1"]
[WhiteElo "1866"]
[BlackElo "2109"]
[PlyCount "77"]
[EventDate "2008.12.06"]

1. e4 c5 2. Nf3 e6 3. d4 cxd4 4. Nxd4 a6 5. Bd3 Bc5 6. Nb3 Be7 7. O-O Nc6 8.
Nc3 Nf6 9. Qe2 d6 10. Bf4 Qc7 11. Rfe1 O-O 12. h3 Ne5 13. Be3 b5 14. Nd2 Bb7
15. f4 Ned7 16. a3 Rac8 17. Nb3 Nb6 18. Bxb6 Qxb6+ 19. Qf2 Nd7 20. Qxb6 Nxb6
21. Nd2 Bf6 22. Nd1 Bd4+ 23. Kh2 Na4 24. Rb1 Nc5 25. Bf1 Nd7 26. c3 Bf6 27. Nf3
Nb6 28. Nf2 Na4 29. Nd3 Be7 30. Nb4 Rfd8 31. Nd4 g6 32. Nb3 Nc5 33. Nxc5 dxc5
34. Nd3 c4 35. Ne5 Bc5 36. Nf3 Rd7 37. a4 bxa4 38. Bxc4 Bf2 39. Bxe6 0-1

[Event "First Saturday 2008 december FM-A"]
[Site "Budapest"]
[Date "2008.12.06"]
[Round "1.1"]
[White "Heyl, Thomas"]
[Black "Zoltan, Andras"]
[Result "1/2-1/2"]
[WhiteElo "2055"]
[BlackElo "2085"]
[PlyCount "48"]
[EventDate "2008.12.06"]

1. d4 d5 2. Nf3 c5 3. e3 cxd4 4. exd4 Nc6 5. c3 Nf6 6. Bd3 Bg4 7. O-O e6 8. Re1
Be7 9. h3 Bxf3 10. Qxf3 O-O 11. Bf4 g6 12. Nd2 Nh5 13. Bh6 Re8 14. g4 Ng7 15.
Qe3 Qb6 16. b4 e5 17. Bxg7 Kxg7 18. dxe5 Qxe3 19. Rxe3 Bg5 20. Re2 Nxe5 21.
Rxe5 Rxe5 22. Nf3 Bf6 23. Nxe5 Bxe5 24. Rc1 Rc8 1/2-1/2

[Event "First Saturday 2008 december FM-A"]
[Site "Budapest"]
[Date "2008.12.07"]
[Round "1.2"]
[White "Darazs, Zoltan"]
[Black "Zoltan, Andras"]
[Result "1/2-1/2"]
[WhiteElo "2234"]
[BlackElo "2085"]
[PlyCount "32"]
[EventDate "2008.12.06"]

1. e4 e5 2. Nf3 Nc6 3. Bc4 Nf6 4. Ng5 d5 5. exd5 Na5 6. Bb5+ Bd7 7. Qe2 Bd6 8.
Nc3 O-O 9. Bxd7 Qxd7 10. a3 b6 11. b4 Nb7 12. O-O a5 13. b5 Nc5 14. d3 h6 15.
Nge4 Nfxe4 16. dxe4 f5 1/2-1/2

[Event "First Saturday 2008 december FM-A"]
[Site "Budapest"]
[Date "2008.12.07"]
[Round "1.2"]
[White "Torok, Tamas Titusz"]
[Black "Heyl, Thomas"]
[Result "1/2-1/2"]
[WhiteElo "2109"]
[BlackElo "2055"]
[PlyCount "70"]
[EventDate "2008.12.06"]

1. e4 c5 2. Nf3 e6 3. d4 cxd4 4. Nxd4 a6 5. Bd3 Nf6 6. O-O Qc7 7. Qe2 d6 8. c4
Be7 9. Nc3 O-O 10. Be3 Nc6 11. f4 g6 12. h3 Nh5 13. Qf2 Bf6 14. Nxc6 bxc6 15.
Rac1 Rb8 16. Na4 Qd8 17. g3 e5 18. Kh2 exf4 19. Bxf4 c5 20. b3 Qd7 21. Qg2 g5
22. Be2 Ng7 23. Be3 Be5 24. Bxg5 Qe6 25. Bf4 Kh8 26. Nc3 f5 27. exf5 Nxf5 28.
Bg4 Bxf4 29. gxf4 Rg8 30. Qf3 Bb7 31. Nd5 Rg7 32. Qd3 Rf8 33. Rce1 Qg6 34. Rg1
Bxd5 35. cxd5 Qf6 1/2-1/2

[Event "First Saturday 2008 december FM-A"]
[Site "Budapest"]
[Date "2008.12.07"]
[Round "1.2"]
[White "Mayer, Istvan"]
[Black "Mendege, Andras"]
[Result "1-0"]
[WhiteElo "2136"]
[BlackElo "1866"]
[PlyCount "44"]
[EventDate "2008.12.06"]

1. e4 d5 2. exd5 Qxd5 3. Nc3 Qa5 4. d4 c6 5. Nge2 Nf6 6. Bd2 Qd8 7. Bg5 Qa5 8.
Qd2 Bf5 9. Ng3 Bg6 10. h4 h6 11. Bxf6 exf6 12. h5 Bh7 13. O-O-O Qg5 14. f4 Qxg3
15. Rh3 Qg4 16. Re1+ Kd8 17. d5 Bd6 18. dxc6 Kc7 19. Nb5+ Kb6 20. Qxd6 Nxc6 21.
Qc7+ Kc5 22. Rc3+ Kd5 1-0

[Event "First Saturday 2008 december FM-A"]
[Site "Budapest"]
[Date "2008.12.08"]
[Round "1.3"]
[White "Mendege, Andras"]
[Black "Darazs, Zoltan"]
[Result "0-1"]
[WhiteElo "1866"]
[BlackElo "2234"]
[PlyCount "74"]
[EventDate "2008.12.06"]

1. Nf3 Nf6 2. g3 g6 3. Bg2 Bg7 4. O-O O-O 5. d4 d5 6. b3 c5 7. Bb2 Ne4 8. Nbd2
Nc6 9. c3 cxd4 10. cxd4 Bf5 11. Rc1 Qa5 12. a3 Qb6 13. e3 Rac8 14. Nxe4 Bxe4
15. Bh3 Bxf3 16. Qxf3 e6 17. Qd1 Na5 18. Rxc8 Rxc8 19. b4 Nc4 20. Bc1 Qc6 21.
Qb3 Nd6 22. Bg2 Qc2 23. Qb2 Qxb2 24. Bxb2 Rc2 25. Rb1 Nc4 26. Bc1 b5 27. Bf1 a6
28. Bxc4 dxc4 29. Kf1 f5 30. h4 Kf7 31. Ke1 e5 32. dxe5 Bxe5 33. Bd2 c3 34. Bc1
Ke6 35. Kf1 Ra2 36. Kg2 c2 37. Rb3 Ra1 0-1

[Event "First Saturday 2008 december FM-A"]
[Site "Budapest"]
[Date "2008.12.08"]
[Round "1.3"]
[White "Heyl, Thomas"]
[Black "Mayer, Istvan"]
[Result "0-1"]
[WhiteElo "2055"]
[BlackElo "2136"]
[PlyCount "58"]
[EventDate "2008.12.06"]

1. d4 Nf6 2. Nf3 g6 3. Bg5 Bg7 4. Nbd2 c5 5. e3 cxd4 6. exd4 Qb6 7. Nc4 Qc7 8.
Be2 b5 9. Nce5 O-O 10. O-O d6 11. Nd3 Bb7 12. c3 Nbd7 13. a3 e5 14. Nb4 Rab8
15. Be3 a5 16. Nc2 Bd5 17. Nd2 Qb7 18. Bf3 Nb6 19. dxe5 dxe5 20. Bxb6 Qxb6 21.
Ne3 Be6 22. Ne4 Nxe4 23. Bxe4 Rbd8 24. Qf3 f5 25. Bb1 Rd2 26. Nd1 Rfd8 27. Ba2
Bxa2 28. Rxa2 e4 29. Qe3 Qd6 0-1

[Event "First Saturday 2008 december FM-A"]
[Site "Budapest"]
[Date "2008.12.08"]
[Round "1.3"]
[White "Zoltan, Andras"]
[Black "Torok, Tamas Titusz"]
[Result "0-1"]
[WhiteElo "2085"]
[BlackElo "2109"]
[PlyCount "38"]
[EventDate "2008.12.06"]

1. Nc3 c5 2. Nf3 e6 3. e3 Nc6 4. d4 d5 5. Bb5 a6 6. Bxc6+ bxc6 7. O-O Nf6 8.
Re1 Be7 9. Ne5 Qc7 10. e4 cxd4 11. Qxd4 O-O 12. exd5 cxd5 13. Be3 Rb8 14. h3
Rb4 15. Qd2 Qxe5 16. Bc5 Qc7 17. Bxb4 Bxb4 18. Re3 e5 19. Rg3 Ne4 0-1

[Event "First Saturday 2008 december FM-A"]
[Site "Budapest"]
[Date "2008.12.09"]
[Round "1.4"]
[White "Darazs, Zoltan"]
[Black "Torok, Tamas Titusz"]
[Result "1-0"]
[WhiteElo "2234"]
[BlackElo "2109"]
[PlyCount "105"]
[EventDate "2008.12.06"]

1. e4 c5 2. Nf3 e6 3. d4 cxd4 4. Nxd4 a6 5. Bd3 Nf6 6. O-O Qc7 7. Qe2 d6 8. c4
Be7 9. Nc3 Nc6 10. Nxc6 bxc6 11. f4 O-O 12. Be3 e5 13. f5 Bb7 14. g4 h6 15. h4
Nh7 16. Qf2 Qd8 17. g5 hxg5 18. Bb6 Qd7 19. Qg2 gxh4 20. Be3 Kh8 21. Kf2 Rad8
22. Ke2 g5 23. fxg6 fxg6 24. Qxg6 Rg8 25. Qf5 Rg2+ 26. Rf2 Qxf5 27. exf5 Rxf2+
28. Bxf2 d5 29. Rh1 Rf8 30. Bxh4 Bxh4 31. Rxh4 e4 32. Nxe4 dxe4 33. Rxe4 Bc8
34. Re5 Kg7 35. Rc5 Re8+ 36. Kd2 Bb7 37. Ra5 Nf6 38. b4 Nd7 39. b5 Nb8 40. bxa6
Bxa6 41. Kc3 Kf6 42. Kb4 Re3 43. Bc2 Re5 44. Rxe5 Kxe5 45. Kc5 Bc8 46. a4 Bxf5
47. Bxf5 Kxf5 48. a5 Na6+ 49. Kxc6 Ke6 50. Kb6 Nb8 51. a6 Nxa6 52. Kxa6 Kd7 53.
Kb7 1-0

[Event "First Saturday 2008 december FM-A"]
[Site "Budapest"]
[Date "2008.12.09"]
[Round "1.4"]
[White "Mayer, Istvan"]
[Black "Zoltan, Andras"]
[Result "1-0"]
[WhiteElo "2136"]
[BlackElo "2085"]
[PlyCount "51"]
[EventDate "2008.12.06"]

1. e4 e5 2. Bc4 Nf6 3. Qe2 Nc6 4. Nf3 h6 5. c3 d6 6. h3 Be6 7. Bb5 Bd7 8. d4
exd4 9. cxd4 a6 10. Bc4 b5 11. Bb3 Be7 12. e5 dxe5 13. dxe5 Bb4+ 14. Nc3 Nh7
15. O-O O-O 16. e6 Bxe6 17. Bxe6 Re8 18. Bxf7+ Kxf7 19. Qc2 Nf6 20. Nxb5 axb5
21. Qxc6 Qd7 22. Qc2 Qd6 23. Be3 Nd5 24. Rad1 Nxe3 25. fxe3 Qe7 26. Ng5+ 1-0

[Event "First Saturday 2008 december FM-A"]
[Site "Budapest"]
[Date "2008.12.09"]
[Round "1.4"]
[White "Mendege, Andras"]
[Black "Heyl, Thomas"]
[Result "1/2-1/2"]
[WhiteElo "1866"]
[BlackElo "2055"]
[PlyCount "79"]
[EventDate "2008.12.06"]

1. e4 c5 2. Nf3 e6 3. c3 d5 4. exd5 Qxd5 5. d4 Nf6 6. Be2 cxd4 7. Qxd4 Qa5 8.
O-O Nc6 9. Qd3 Be7 10. Qb5 Qc7 11. Bg5 O-O 12. Rd1 Bd7 13. Qb3 Rfd8 14. Nbd2
Rac8 15. Bh4 Na5 16. Qc2 b5 17. Rac1 Be8 18. Qb1 Nd5 19. Bg3 Nf4 20. Bf1 e5 21.
Bxf4 exf4 22. Nb3 Nc4 23. Nbd4 a6 24. Bd3 g6 25. Re1 Bf6 26. Rcd1 Bd7 27. h3
Re8 28. Bf1 Nd6 29. Rxe8+ Rxe8 30. Re1 Rxe1 31. Qxe1 Nc4 32. b3 Ne5 33. Nxe5
Bxe5 34. Qd2 Qd6 35. b4 Qd5 36. Qb2 Bf6 37. f3 Qd6 38. Qd2 Bh4 39. Bd3 Bf6 40.
Bf1 1/2-1/2

[Event "First Saturday 2008 december FM-A"]
[Site "Budapest"]
[Date "2008.12.10"]
[Round "1.5"]
[White "Heyl, Thomas"]
[Black "Darazs, Zoltan"]
[Result "0-1"]
[WhiteElo "2055"]
[BlackElo "2234"]
[PlyCount "94"]
[EventDate "2008.12.06"]

1. d4 Nf6 2. Nf3 g6 3. g3 Bg7 4. Bg2 O-O 5. O-O d6 6. c4 Nc6 7. Nc3 a6 8. h3 e5
9. d5 Ne7 10. a4 Ne8 11. e4 h6 12. a5 f5 13. b4 Nf6 14. Nd2 f4 15. Bb2 Nh7 16.
c5 Bd7 17. cxd6 cxd6 18. Kh2 Rc8 19. Na4 Bb5 20. Nb6 Rc7 21. Rg1 fxg3+ 22. fxg3
Nc8 23. Bf1 Nxb6 24. Bxb5 axb5 25. axb6 Rcf7 26. Rg2 Qxb6 27. Qg1 Qd8 28. Ra5
Qd7 29. Qb6 Ng5 30. g4 Nf3+ 31. Nxf3 Rxf3 32. Qxb5 Qe7 33. g5 hxg5 34. Ra3 g4
35. Rxf3 Rxf3 36. Rxg4 Rf2+ 37. Rg2 Rxg2+ 38. Kxg2 Qg5+ 39. Kh1 Qd2 40. Qxb7
Qxb2 41. Qb8+ Bf8 42. Qe8 Qb1+ 43. Kh2 Qxe4 44. Qe6+ Kg7 45. Qd7+ Kh6 46. Qd8
Qf4+ 47. Kh1 e4 0-1

[Event "First Saturday 2008 december FM-A"]
[Site "Budapest"]
[Date "2008.12.10"]
[Round "1.5"]
[White "Zoltan, Andras"]
[Black "Mendege, Andras"]
[Result "1-0"]
[WhiteElo "2085"]
[BlackElo "1866"]
[PlyCount "43"]
[EventDate "2008.12.06"]

1. e4 e6 2. b3 d5 3. Bb2 dxe4 4. Nc3 Nf6 5. g4 h6 6. Bg2 Be7 7. Nxe4 Nxe4 8.
Bxe4 Bf6 9. c3 Nd7 10. Qe2 Rb8 11. d4 Nb6 12. Nf3 Qe7 13. O-O-O Bd7 14. h4 g6
15. Kb1 c6 16. g5 Bg7 17. h5 gxh5 18. Rxh5 Kd8 19. Rdh1 Qf8 20. Ne5 hxg5 21.
Rxh8 Bxh8 22. Rxh8 1-0

[Event "First Saturday 2008 december FM-A"]
[Site "Budapest"]
[Date "2008.12.10"]
[Round "1.5"]
[White "Torok, Tamas Titusz"]
[Black "Mayer, Istvan"]
[Result "1/2-1/2"]
[WhiteElo "2109"]
[BlackElo "2136"]
[PlyCount "34"]
[EventDate "2008.12.06"]

1. e4 e6 2. c4 d5 3. exd5 exd5 4. cxd5 Nf6 5. Bb5+ Bd7 6. Bc4 b5 7. Bb3 Be7 8.
Nf3 O-O 9. O-O Bf5 10. d4 Nxd5 11. Nc3 Nxc3 12. bxc3 Nc6 13. Bf4 Rb8 14. d5 Na5
15. Qd4 Rb6 16. Rfe1 Bd6 17. Be5 f6 1/2-1/2

[Event "First Saturday 2008 december FM-A"]
[Site "Budapest"]
[Date "2008.12.11"]
[Round "2.1"]
[White "Darazs, Zoltan"]
[Black "Mayer, Istvan"]
[Result "1/2-1/2"]
[WhiteElo "2234"]
[BlackElo "2136"]
[PlyCount "40"]
[EventDate "2008.12.06"]

1. e4 e6 2. d4 d5 3. Nc3 Nf6 4. e5 Nfd7 5. f4 c5 6. Nf3 Nc6 7. Be3 cxd4 8. Nxd4
Bc5 9. Qd2 Nxd4 10. Bxd4 Bxd4 11. Qxd4 Qb6 12. Nb5 Qxd4 13. Nxd4 a6 14. h4 Nb8
15. Rh3 Bd7 16. Rg3 g6 17. Rc3 Nc6 18. O-O-O Ke7 19. g3 Nxd4 20. Rxd4 Rhc8
1/2-1/2

[Event "First Saturday 2008 december FM-A"]
[Site "Budapest"]
[Date "2008.12.11"]
[Round "2.1"]
[White "Torok, Tamas Titusz"]
[Black "Mendege, Andras"]
[Result "1/2-1/2"]
[WhiteElo "2109"]
[BlackElo "1866"]
[PlyCount "86"]
[EventDate "2008.12.06"]

1. b3 Nf6 2. Bb2 c5 3. c4 Nc6 4. e3 e6 5. Nf3 Be7 6. Be2 O-O 7. O-O Qc7 8. d4
cxd4 9. exd4 d5 10. c5 Ne4 11. Nbd2 Nxd2 12. Qxd2 Bf6 13. b4 a6 14. a4 Bd7 15.
b5 Ne7 16. Bd3 Ng6 17. g3 Rfc8 18. Rfe1 Qd8 19. bxa6 bxa6 20. Bc3 Bc6 21. Ba5
Qd7 22. Qc2 Bd8 23. Bc3 Bc7 24. h4 Nf8 25. Ra3 Rcb8 26. Rea1 h6 27. Qe2 Qc8 28.
Bc2 Qd7 29. Ne1 Qd8 30. Nd3 a5 31. Re1 Nd7 32. Raa1 Nf6 33. Ne5 Bxe5 34. Qxe5
Ne4 35. Re3 Nxc3 36. Rxc3 Rb4 37. Rf3 Qd7 38. Rfa3 Rc8 39. Qe3 Re8 40. Qd3 f5
41. f4 Kf7 42. Qd1 g6 43. Re3 h5 1/2-1/2

[Event "First Saturday 2008 december FM-A"]
[Site "Budapest"]
[Date "2008.12.11"]
[Round "2.1"]
[White "Zoltan, Andras"]
[Black "Heyl, Thomas"]
[Result "0-1"]
[WhiteElo "2085"]
[BlackElo "2055"]
[PlyCount "83"]
[EventDate "2008.12.06"]

1. e4 c5 2. c3 d5 3. exd5 Qxd5 4. d4 Nf6 5. Nf3 Bg4 6. Be2 e6 7. O-O Be7 8.
Qa4+ Nc6 9. h3 Bh5 10. Be3 cxd4 11. cxd4 O-O 12. Nc3 Qa5 13. Qxa5 Nxa5 14. g4
Bg6 15. Ne5 Rfd8 16. Nxg6 hxg6 17. Rad1 Rd7 18. Bf3 Nc4 19. b3 Nb6 20. Rc1 Bd8
21. Ne4 Nxe4 22. Bxe4 Nd5 23. Bxd5 Rxd5 24. Rc5 Rd6 25. Rfc1 Kf8 26. d5 b6 27.
Rc8 Rxc8 28. Rxc8 exd5 29. Bd4 f6 30. f4 Kf7 31. Kf2 Ke6 32. Ra8 Rd7 33. Rc8
Ke7 34. Rc2 Bc7 35. Kf3 Bd6 36. g5 Rc7 37. Rg2 Kf7 38. Ke3 Re7+ 39. Kf3 Rc7 40.
Be3 f5 41. Rd2 Ke6 42. Kg3 0-1

[Event "First Saturday 2008 december FM-A"]
[Site "Budapest"]
[Date "2008.12.12"]
[Round "2.2"]
[White "Heyl, Thomas"]
[Black "Torok, Tamas Titusz"]
[Result "1/2-1/2"]
[WhiteElo "2055"]
[BlackElo "2109"]
[PlyCount "45"]
[EventDate "2008.12.06"]

1. d4 c5 2. e3 e6 3. Nf3 Nf6 4. Bd3 Nc6 5. O-O d5 6. b3 Be7 7. Bb2 O-O 8. Nbd2
cxd4 9. exd4 Qc7 10. a3 b6 11. Ne5 Nxe5 12. dxe5 Nd7 13. f4 g6 14. b4 a5 15. c3
Ba6 16. Bxa6 Rxa6 17. Qe2 Raa8 18. Nf3 Rfc8 19. Rfd1 Rab8 20. Rd2 Qa7 21. Rd3
Qa6 22. Kf1 b5 23. g4 1/2-1/2

[Event "First Saturday 2008 december FM-A"]
[Site "Budapest"]
[Date "2008.12.12"]
[Round "2.2"]
[White "Mendege, Andras"]
[Black "Mayer, Istvan"]
[Result "0-1"]
[WhiteElo "1866"]
[BlackElo "2136"]
[PlyCount "106"]
[EventDate "2008.12.06"]

1. e4 e6 2. d4 d5 3. Nc3 Bb4 4. e5 c5 5. a3 Bxc3+ 6. bxc3 Nc6 7. Bb5 Nge7 8.
Nf3 Qa5 9. Bxc6+ Nxc6 10. Bd2 Qc7 11. O-O O-O 12. Be3 cxd4 13. cxd4 Bd7 14. Bd2
Na5 15. c3 Nc4 16. Be3 Qa5 17. Qb3 Qc7 18. Nd2 f6 19. exf6 Rxf6 20. Nxc4 dxc4
21. Qc2 Bc6 22. Bg5 Rf5 23. Bh4 b5 24. Bg3 Qb7 25. f3 Qb6 26. Rae1 Bd5 27. Re5
Rf7 28. Rh5 g6 29. Re5 a5 30. Qb2 Rb7 31. Rb1 Qc6 32. Qd2 b4 33. axb4 axb4 34.
Rxb4 Rxb4 35. cxb4 c3 36. Qc1 Ra2 37. Re3 c2 38. Be1 Ra1 39. Qxa1 c1=Q 40. Qxc1
Qxc1 41. Re5 Qc4 42. Bf2 Qxb4 43. h3 Qb2 44. Re1 g5 45. Re5 Kf7 46. Re1 h5 47.
Re5 Qc1+ 48. Re1 Qc2 49. Re5 g4 50. hxg4 hxg4 51. fxg4 Qd1+ 52. Re1 Qxg4 53. g3
Qh3 0-1

[Event "First Saturday 2008 december FM-A"]
[Site "Budapest"]
[Date "2008.12.13"]
[Round "2.3"]
[White "Darazs, Zoltan"]
[Black "Mendege, Andras"]
[Result "1-0"]
[WhiteElo "2234"]
[BlackElo "1866"]
[PlyCount "69"]
[EventDate "2008.12.06"]

1. e4 e6 2. d4 d5 3. Nc3 dxe4 4. Nxe4 Bd7 5. Nf3 Bc6 6. Bd3 Nd7 7. O-O Ngf6 8.
Ng3 Be7 9. b3 O-O 10. Bb2 Bxf3 11. Qxf3 c6 12. c4 Re8 13. Rad1 Qc7 14. Rfe1
Rad8 15. h3 a6 16. a4 Rc8 17. Bb1 Qa5 18. Re2 Bf8 19. Rde1 Bb4 20. Rd1 Bf8 21.
Ne4 Nxe4 22. Rxe4 Nf6 23. Rf4 Be7 24. Qd3 Qh5 25. g4 Qh4 26. Bc1 g5 27. Rf3 Kg7
28. Re1 Rcd8 29. Re5 Nd7 30. Rxg5+ Bxg5 31. Bxg5 Ne5 32. Bxh4 Nxd3 33. Bxd8 Ne1
34. Bf6+ Kg8 35. Re3 1-0

[Event "First Saturday 2008 december FM-A"]
[Site "Budapest"]
[Date "2008.12.13"]
[Round "2.3"]
[White "Mayer, Istvan"]
[Black "Heyl, Thomas"]
[Result "1-0"]
[WhiteElo "2136"]
[BlackElo "2055"]
[PlyCount "63"]
[EventDate "2008.12.06"]

1. e4 c5 2. Nf3 e6 3. d4 cxd4 4. c3 dxc3 5. Nxc3 a6 6. Bc4 b5 7. Bb3 Bb7 8. Qe2
Nc6 9. O-O Nge7 10. Bg5 f6 11. Bf4 Ng6 12. Bg3 Na5 13. Bc2 Be7 14. h4 Nc4 15.
a4 Qb6 16. axb5 axb5 17. Rxa8+ Bxa8 18. b3 Na3 19. Bd3 b4 20. Nb5 Nxb5 21. Bxb5
Bc6 22. Bxc6 Qxc6 23. h5 Nf8 24. Nd4 Qc5 25. Rd1 g6 26. e5 Kf7 27. Nb5 Rg8 28.
exf6 Bxf6 29. Nd6+ Kg7 30. Qf3 Qg5 31. h6+ Kh8 32. Nf7# 1-0

[Event "First Saturday 2008 december FM-A"]
[Site "Budapest"]
[Date "2008.12.13"]
[Round "2.3"]
[White "Torok, Tamas Titusz"]
[Black "Zoltan, Andras"]
[Result "1/2-1/2"]
[WhiteElo "2109"]
[BlackElo "2085"]
[PlyCount "25"]
[EventDate "2008.12.06"]

1. e4 e5 2. Nf3 Nc6 3. Bc4 Nf6 4. d3 Bc5 5. O-O O-O 6. c3 d6 7. h3 Be6 8. Bb3
Bxb3 9. Qxb3 Rb8 10. Bg5 h6 11. Bh4 g5 12. Bg3 Nh5 13. Nbd2 1/2-1/2

[Event "First Saturday 2008 december FM-A"]
[Site "Budapest"]
[Date "2008.12.14"]
[Round "2.4"]
[White "Torok, Tamas Titusz"]
[Black "Darazs, Zoltan"]
[Result "0-1"]
[WhiteElo "2109"]
[BlackElo "2234"]
[PlyCount "132"]
[EventDate "2008.12.06"]

1. e4 c5 2. Nf3 Nc6 3. d4 cxd4 4. Nxd4 Nf6 5. Nxc6 bxc6 6. Nc3 e5 7. Bc4 Bb4 8.
Bg5 Qa5 9. O-O Bxc3 10. Bxf6 gxf6 11. bxc3 Qxc3 12. Bb3 Ba6 13. Re1 Qc5 14. Qh5
O-O-O 15. Qxf7 Qf8 16. Qh5 d5 17. Qf5+ Kc7 18. exd5 cxd5 19. f4 Bc8 20. Qd3
Qc5+ 21. Kh1 e4 22. Qe2 Rhg8 23. c4 d4 24. Qxe4 Bb7 25. Qe7+ Qxe7 26. Rxe7+ Rd7
27. Re2 Rg4 28. Rf1 Rdg7 29. Rff2 Kd6 30. Bc2 Kc5 31. Bf5 Rh4 32. Bd3 Rh3 33.
Rd2 Re3 34. Kg1 Kb4 35. Rb2+ Kc5 36. Rb5+ Kd6 37. Rb3 Re1+ 38. Bf1 Be4 39. Rd2
Rxf1+ 40. Kxf1 Kc5 41. g3 Kxc4 42. Rb8 Kc3 43. Ke1 Rc7 44. g4 Bc2 45. Re8 d3
46. g5 fxg5 47. fxg5 Rf7 48. Rc8+ Kb2 49. Rb8+ Ka1 50. Re8 Rf5 51. Re3 Rxg5 52.
Rdxd3 Bxd3 53. Rxd3 Re5+ 54. Kf2 Ra5 55. a3 Kb2 56. Rh3 h5 57. Kg2 Rf5 58. Re3
a5 59. a4 Rc5 60. Rf3 Rc2+ 61. Kg1 Rc4 62. Rf5 Rxa4 63. Rxh5 Rg4+ 64. Kf2 a4
65. Kf3 Rb4 66. Ra5 a3 0-1

[Event "First Saturday 2008 december FM-A"]
[Site "Budapest"]
[Date "2008.12.14"]
[Round "2.4"]
[White "Zoltan, Andras"]
[Black "Mayer, Istvan"]
[Result "0-1"]
[WhiteElo "2085"]
[BlackElo "2136"]
[PlyCount "58"]
[EventDate "2008.12.06"]

1. e4 e6 2. c4 d5 3. exd5 exd5 4. cxd5 Nf6 5. Nc3 Nxd5 6. Bc4 Nb6 7. Be2 Nc6 8.
Nf3 Be7 9. O-O O-O 10. d4 Bf6 11. Be3 Bf5 12. Qd2 Nb4 13. Rac1 c6 14. a3 N4d5
15. Bg5 Re8 16. Bxf6 Qxf6 17. Nxd5 Nxd5 18. Ne5 Rad8 19. Rfd1 Qe7 20. Bf1 f6
21. Nc4 Bg6 22. Re1 Qd7 23. Rxe8+ Bxe8 24. Re1 Bf7 25. Rd1 Nc7 26. Qa5 Nb5 27.
Ne3 b6 28. Qa6 Nxd4 29. Bd3 Qe7 0-1

[Event "First Saturday 2008 december FM-A"]
[Site "Budapest"]
[Date "2008.12.14"]
[Round "2.4"]
[White "Heyl, Thomas"]
[Black "Mendege, Andras"]
[Result "1/2-1/2"]
[WhiteElo "2055"]
[BlackElo "1866"]
[PlyCount "96"]
[EventDate "2008.12.06"]

1. d4 Nf6 2. Nf3 g6 3. g3 Bg7 4. Bg2 O-O 5. O-O d5 6. c4 c6 7. cxd5 cxd5 8. Ne5
Ng4 9. Nxg4 Bxg4 10. Nc3 Nc6 11. h3 Bc8 12. e3 e6 13. b3 b6 14. Ba3 Re8 15. Re1
Ba6 16. Rc1 Qd7 17. Qd2 Rac8 18. Rc2 Bf8 19. Bxf8 Rxf8 20. Rec1 Nb4 21. Ne4 Qe7
22. Rxc8 Rxc8 23. Rxc8+ Bxc8 24. Nf6+ Qxf6 25. Qxb4 Qd8 26. Qc3 Bb7 27. Bf1 Qc8
28. Qxc8+ Bxc8 29. Bd3 Kg7 30. h4 h6 31. Kf1 Kf6 32. Ke1 g5 33. hxg5+ hxg5 34.
Kd2 Ke7 35. Kc3 Kd6 36. Kb4 f6 37. Be2 Bd7 38. Ba6 Kc7 39. a4 Kd6 40. a5 Kc7
41. Bb5 Bc8 42. Ka4 e5 43. Kb4 exd4 44. exd4 Be6 45. Be8 Bg4 46. Bb5 Kd6 47.
Be8 Bf3 48. axb6 axb6 1/2-1/2

[Event "First Saturday 2008 december FM-A"]
[Site "Budapest"]
[Date "2008.12.15"]
[Round "2.5"]
[White "Mendege, Andras"]
[Black "Zoltan, Andras"]
[Result "1/2-1/2"]
[WhiteElo "1866"]
[BlackElo "2085"]
[PlyCount "66"]
[EventDate "2008.12.06"]

1. e4 e5 2. Nf3 Nc6 3. Bb5 f5 4. d4 fxe4 5. Bxc6 exf3 6. Bxf3 exd4 7. Bh5+ g6
8. Qxd4 Qf6 9. Qxf6 Nxf6 10. Bf3 Bg7 11. O-O d5 12. Nc3 c6 13. Ne2 O-O 14. c3
Ng4 15. Bf4 Ne5 16. Bxe5 Bxe5 17. Nd4 Bxd4 18. cxd4 Bf5 19. Rfe1 Rfe8 20. g3
Kf7 21. h4 h5 22. Bg2 Rxe1+ 23. Rxe1 Re8 24. Rxe8 Kxe8 25. Kf1 Kd7 26. Ke2 Kd6
27. Ke3 c5 28. Bf1 c4 29. Be2 b5 30. Kd2 b4 31. a3 a5 32. axb4 axb4 33. f3 Ke6
1/2-1/2

[Event "First Saturday 2008 december FM-A"]
[Site "Budapest"]
[Date "2008.12.15"]
[Round "2.5"]
[White "Mayer, Istvan"]
[Black "Torok, Tamas Titusz"]
[Result "1/2-1/2"]
[WhiteElo "2136"]
[BlackElo "2109"]
[PlyCount "27"]
[EventDate "2008.12.06"]

1. e4 c5 2. Nf3 e6 3. d4 cxd4 4. Nxd4 a6 5. Nc3 b5 6. a3 Bb7 7. Bd3 Nc6 8. Nxc6
Bxc6 9. O-O Bc5 10. Qh5 d6 11. Bg5 Qc7 12. Rfe1 Ne7 13. Be3 Bb7 14. Kh1 1/2-1/2